La mano de Fátima
Guardat en:
| Autor principal: | |
|---|---|
| Format: | Llibre |
| Idioma: | espanyol |
| Publicat: |
Barcelona
Random House Mondadori
2009
|
| Col·lecció: | Vintage Español
|
| Matèries: | |
| Etiquetes: |
Afegir etiqueta
Sense etiquetes, Sigues el primer a etiquetar aquest registre!
|
MARC
| LEADER | 00000cam a2200000 a 4500 | ||
|---|---|---|---|
| 001 | UCF5927 | ||
| 003 | CL-VaPUC | ||
| 008 | 130404e20090800SP |||||||||||||||||spa|d | ||
| 020 | |a 9780307476067 | ||
| 082 | 0 | 4 | |a 863 |b FAL |2 21 |
| 100 | 0 | |a Falcones de Sierra, Ildefonso |e author |9 567926 | |
| 245 | 1 | 3 | |a La mano de Fátima |
| 300 | |a 954 p | ||
| 942 | |c BK | ||
| 945 | |d 20130404 00:00:00 |a dcastane | ||
| 260 | |a Barcelona |b Random House Mondadori |c 2009 | ||
| 650 | 0 | |a Novelas españolas |9 265052 | |
| 650 | 0 | |a Literatura española |9 306261 | |
| 583 | |a last modification |c 20130404 09:53:00 |k Rodrigo Vera | ||
| 490 | 0 | |a Vintage Español | |
| 999 | |c 351320 |d 351318 | ||
| 952 | |0 0 |1 0 |4 0 |6 863_000000000000000_FAL_2009 |7 0 |8 A |9 455360 |a BIBGIM |b BIBGIM |d 2019-11-22 |i 4959523 |l 1 |o 863 FAL 2009 |p 4959523 |r 2025-01-15 |s 2023-10-20 |w 2019-11-22 |y BK |k ARA | ||
| 952 | |0 0 |1 0 |4 0 |6 863_000000000000000_FAL_2009 |7 0 |8 A |9 455361 |a BIBEDU |b BIBEDU |d 2019-11-22 |i 496117K |o 863 FAL 2009 |p 496117K |r 2019-11-22 |w 2019-11-22 |y BK |k CUE | ||